| 000 | 01597cam a22004814i 4500 | ||
|---|---|---|---|
| 003 | PE-LiUPU | ||
| 005 | 20250731184608.0 | ||
| 008 | 150616s r 000 0 d | ||
| 020 | _a0943872960 | ||
| 035 | _a(Sirsi) i9780943872964 | ||
| 040 |
_aPE-LiUPU _bspa _cPE-LiUPU _erda |
||
| 049 | _aPRUA | ||
| 082 | 0 | 4 |
_a915.695 _bM56 _221 |
| 100 | 1 |
_aLawrence T. Geraty, ed., _eautor. |
|
| 245 | 1 | 0 |
_aMadaba Plains Project. _n1. |
| 264 | 1 |
_aBerrien Springs, Michigan : _bAndrews University Press, _c1989. |
|
| 300 |
_a441 páginas ; _c21 centímetros |
||
| 336 |
_atext _2rdacontent |
||
| 337 |
_aunmediated _2rdamedia |
||
| 338 |
_avolume _2rdacarrier |
||
| 504 | _aBibliografía al final de cada capítulo. | ||
| 505 | 0 | _aOverview.- The hinterlands.- Thel tell.- The finds.- The inscriptions. | |
| 526 | _aP136 | ||
| 526 | _aP135 | ||
| 526 | _aP134 | ||
| 526 | _aP133 | ||
| 526 | _aP144 | ||
| 526 | _aP143 | ||
| 526 | _aP87 | ||
| 526 | _aP35 | ||
| 526 | _aP20 | ||
| 526 | _aP14 | ||
| 526 | _aP10 | ||
| 526 | _aP06 | ||
| 650 | 0 | 4 | _aARQUEOLOGIA - JORDANIA - MADABA - TELL EL UMEIRI. |
| 910 |
_ajck _bjvq _cjck |
||
| 942 |
_2ddc _cBOOK |
||
| 949 |
_a915.695 M56 1 _wDEWEY _c1 _i42599 _lCCODEBUL1 _mBUL _r0 _sY _tBOOK _u2015-6-16 _xTEOLOGIA _zUNKNOWN _0COMPRA _o.STAFF. Colección General |
||
| 994 |
_aC0 _bPEPRU |
||
| 596 | _a1 | ||
| 999 |
_a915.695 M56 1 _wDEWEY _c60435 _i42599 _f2021-11-11 _g5 _lCCODEBUL1 _mBUL _r0 _sY _tBOOK _u2015-6-16 _xTEOLOGIA _zUNKNOWN _0COMPRA _o.STAFF. Colección General _d60435 |
||
| 980 |
_81 _gALBERTO SANCHEZ Responsable de Automatización |
||